000
00333nam a2200133Ia 4500
008
191201s2009 xx 000 0 und d
100
_a
DHULL,Punam
245
0
_a
Solution to Engineering Mathematics for 2nd Sem.
250
_a
1st
260
_a
N. Delhi
_b
Vayu Edu. India
_c
2009
300
_a
479
650
_a
Applied
942
_2
ddc
_c
BK
999
_c
506
_d
506